Religions and Their Flags - Statistics

General Stats
  • This quiz has been taken 29 times
  • The average score is 11 of 24
Answer Stats
Picture Answer % Correct
Muslim
100%
Buddhism
95%
Christianity
95%
Hinduism
91%
Judaism
91%
Shinto
86%
Catholicism
82%
Taoism
82%
Sikhism
68%
Atheism
50%
Orthodox
50%
Jainism
41%
Confucianism
36%
Druze
27%
Animism
23%
Caodaism
9%
Satanism
9%
Baha'i Faith
5%
Mu-ism
5%
Spiritism
5%
Yoruba Religion
5%
Cheondoism
0%
Hoahaoism
0%
Tenriism
0%
No matching quizzes found
Score Distribution
Percent of People with Each Score
Percentile by Number Answered
Your Score History
You have not taken this quiz